[Event "BdF-Smaragd 07 email"]
[Site "GER email"]
[Date "2016.06.26"]
[Round "?"]
[White "Mihai, Eleonora Antonia"]
[Black "Knittel, Martin"]
[Result "1/2-1/2"]
[WhiteElo "2206"]
[BlackElo "2188"]
[PlyCount "58"]
[EventDate "2016.??.??"]
[EventType "tourn (corr)"]
[EventRounds "16"]
[EventCountry "GER"]
[SourceTitle "Corr 2017"]
[Source "ChessBase"]
[SourceDate "2017.09.19"]
[SourceVersion "1"]
[SourceVersionDate "2017.09.19"]
[SourceQuality "1"]

1. e4 c5 2. Nf3 d6 3. d4 cxd4 4. Nxd4 Nf6 5. Nc3 a6 6. Bc4 e6 7. 0-0 Be7 8. Bb3 0-0 9. f4 b5 10. Be3 Qc7 11. a3 Bb7 12. f5 e5 13. Nde2 Nbd7 14. Ng3 Nc5 15. Bd5 Na4 16. Nxa4 bxa4 17. c4 Bxd5 18. cxd5 Rfc8 19. Rc1 Qb7 20. Qe2 Bd8 21. Kh1 Rab8 22. h3 h6 23. Nh5 Nxh5 24. Qxh5 Rxc1 25. Bxc1 Qb5 26. Re1 Bf6 27. Qe2 Bh4 28. Qxb5 axb5 29. Rd1 Rc8 1/2-1/2

[Event "BdF-Smaragd 07 email"]
[Site "GER email"]
[Date "2016.06.26"]
[Round "?"]
[White "Mihai, Eleonora Antonia"]
[Black "Rolle, Hannes"]
[Result "1/2-1/2"]
[WhiteElo "2206"]
[BlackElo "2250"]
[PlyCount "94"]
[EventDate "2016.??.??"]
[EventType "tourn (corr)"]
[EventRounds "16"]
[EventCountry "GER"]
[SourceTitle "Corr 2017"]
[Source "ChessBase"]
[SourceDate "2017.09.19"]
[SourceVersion "1"]
[SourceVersionDate "2017.09.19"]
[SourceQuality "1"]

1. e4 c5 2. Nf3 d6 3. Bb5+ Nc6 4. 0-0 Bd7 5. Re1 Nf6 6. h3 e6 7. c3 d5 8. exd5 Nxd5 9. d3 Bd6 10. Nbd2 0-0 11. Ne4 Be7 12. Bg5 Bxg5 13. Nfxg5 Qe7 14. Qd2 f6 15. Nf3 Rfd8 16. Bc4 Be8 17. a3 b6 18. b4 Rac8 19. Ba2 Bh5 20. Nh4 Bf7 21. Nf3 e5 22. g3 Kh8 23. Kh2 Bh5 24. Nh4 Qf8 25. Nf5 h6 26. Bc4 Bg6 27. Nh4 Bh7 28. Qa2 Nc7 29. bxc5 bxc5 30. Rad1 Na5 31. Bf7 c4 32. Ng6+ Bxg6 33. Bxg6 f5 34. Ng5 hxg5 35. Qe2 g4 36. hxg4 cxd3 37. Rxd3 Rxd3 38. Qxd3 Rd8 39. Qe2 fxg4 40. Kg1 Qf6 41. Qxg4 Kg8 42. Re3 e4 43. Qh5 Rd2 44. f4 Qb6 45. Qh7+ Kf8 46. Qh8+ Ke7 47. Qxg7+ Kd8 1/2-1/2

[Event "BdF-Diamant 05 email"]
[Site "GER email"]
[Date "2014.06.25"]
[Round "?"]
[White "Dmitrieva, Galina Vladimirovna"]
[Black "Mihai, Eleonora Antonia"]
[Result "1-0"]
[WhiteElo "2233"]
[BlackElo "2212"]
[PlyCount "37"]
[EventDate "2014.??.??"]
[EventType "tourn (corr)"]
[EventRounds "16"]
[EventCountry "GER"]
[SourceTitle "Corr 2017"]
[Source "ChessBase"]
[SourceDate "2017.09.19"]
[SourceVersion "1"]
[SourceVersionDate "2017.09.19"]
[SourceQuality "1"]

1. e4 c5 2. Nf3 d6 3. d4 cxd4 4. Nxd4 Nf6 5. Nc3 g6 6. Be3 Bg7 7. f3 0-0 8. Qd2 Nc6 9. Bc4 Bd7 10. 0-0-0 Rc8 11. Bb3 Ne5 12. Kb1 Re8 13. h4 h5 14. g4 hxg4 15. h5 Nxh5 16. Bh6 e6 17. Rdg1 g3 18. Nce2 Qf6 19. Bxg7 1-0

[Event "BdF-Diamant 05 email"]
[Site "GER email"]
[Date "2014.06.25"]
[Round "?"]
[White "Mihai, Eleonora Antonia"]
[Black "Shchebenyuk, Nina Grigoryevna"]
[Result "1/2-1/2"]
[WhiteElo "2212"]
[BlackElo "2136"]
[PlyCount "60"]
[EventDate "2014.??.??"]
[EventType "tourn (corr)"]
[EventRounds "16"]
[EventCountry "GER"]
[SourceTitle "Corr 2017"]
[Source "ChessBase"]
[SourceDate "2017.09.19"]
[SourceVersion "1"]
[SourceVersionDate "2017.09.19"]
[SourceQuality "1"]

1. e4 e6 2. f4 d5 3. e5 c5 4. Nf3 Nc6 5. c3 Nh6 6. Na3 Be7 7. Nc2 0-0 8. d4 cxd4 9. cxd4 b5 10. a3 Qb6 11. Bd3 a5 12. 0-0 Ba6 13. b3 b4 14. Bxa6 Qxa6 15. a4 Rac8 16. g3 Bd8 17. Bb2 Ne7 18. Qd2 Nef5 19. Rfd1 Bb6 20. Nce1 Rc6 21. Ng2 Rfc8 22. Rac1 Rxc1 23. Rxc1 Rxc1+ 24. Qxc1 Ng4 25. Qd1 h5 26. Qf1 Qxf1+ 27. Kxf1 f6 28. Nge1 Kf7 29. h3 Ngh6 30. Kf2 Ke7 1/2-1/2

[Event "BdF-Diamant 05 email"]
[Site "GER email"]
[Date "2014.06.25"]
[Round "?"]
[White "Mihai, Laura Cristina"]
[Black "Mihai, Eleonora Antonia"]
[Result "1/2-1/2"]
[WhiteElo "2197"]
[BlackElo "2212"]
[PlyCount "24"]
[EventDate "2014.??.??"]
[EventType "tourn (corr)"]
[EventRounds "16"]
[EventCountry "GER"]
[SourceTitle "Corr 2015"]
[Source "ChessBase"]
[SourceDate "2015.07.17"]
[SourceVersion "1"]
[SourceVersionDate "2015.07.17"]
[SourceQuality "1"]

1. d4 Nf6 2. c4 e6 3. Nc3 Bb4 4. e3 0-0 5. Bd3 d5 6. Nf3 c5 7. 0-0 dxc4 8. Bxc4 Nbd7 9. a3 cxd4 10. axb4 dxc3 11. bxc3 Qc7 12. Qb3 Nb6 1/2-1/2